| 000 | 00603nam a2200181 4500 | ||
|---|---|---|---|
| 003 | LK-CoDNM | ||
| 005 | 20231122111741.0 | ||
| 008 | 231122b |||||||| |||| 00| 0 eng d | ||
| 020 | _a9786249621008 | ||
| 040 |
_aLK-CoDNM _dLK-CoDNM _eLK-CoDNM |
||
| 041 | _asin | ||
| 080 |
_a294.3 _bආනන් |
||
| 100 |
_aආනන්ද හිමි,කෝන්ගස්තැන්නේ _vAnandha Thero, Kongasthanne |
||
| 245 | _aඅසිරිමත් ගමක්/ මහාඅස්සපුර සුත්රය | ||
| 260 |
_aNo place _bKaththruu _c2021 |
||
| 300 | _a48p.21cm | ||
| 942 |
_n0 _cBK |
||
| 999 |
_c143531 _d143531 |
||